000 00317pam a2200145 a 4500
020 _c
041 _aeng
082 _a000
_bWOR
100 _aWorld Book, Inc.
245 _aEyewitness Book : Fossil
_hTextual Documents
260 _aChicago
_bWorld Book, Inc.
300 _a64.
653 _aGeneral
930 _a2629
999 _c75910
_d75910